00293nam a2200121Ia 4500008004100000041000800041082001500049100001900064245001900083260003400102300002400136365001100160240624s9999 xx 000 0 und d aeng a891.46 GAV aGAWANKAR VEENA aEK HOTA KAVARH c2007aPunebRajhans Prakashan a184 : p. : cm. ; 22 cRSb20